Top XIs: Aston Villa (1980-2023) - Statistics

General Stats
  • This quiz has been taken 124 times
  • The average score is 158 of 400
Answer Stats
Hint Position Answer % Correct
2020/2021 ST Ollie Watkins
82%
2021/2022 ST Ollie Watkins
82%
2022/2023 ST Ollie Watkins
82%
2019/2020 DF Tyrone Mings
81%
2020/2021 DF Tyrone Mings
81%
2021/2022 DF Tyrone Mings
81%
2022/2023 DF Tyrone Mings
81%
2007/2008 MF Ashley Young
79%
2008/2009 MF Ashley Young
79%
2009/2010 MF Ashley Young
79%
2010/2011 MF Ashley Young
79%
2008/2009 DF Luke Young
79%
2010/2011 DF Luke Young
79%
2016/2017 MF Jack Grealish
75%
2017/2018 MF Jack Grealish
75%
2018/2019 MF Jack Grealish
75%
2019/2020 MF Jack Grealish
75%
2020/2021 MF Jack Grealish
75%
2015/2016 DF Micah Richards
75%
2006/2007 ST Gabriel Agbonlahor
73%
2007/2008 ST Gabriel Agbonlahor
73%
2008/2009 ST Gabriel Agbonlahor
73%
2009/2010 ST Gabriel Agbonlahor
73%
2010/2011 ST Gabriel Agbonlahor
73%
2011/2012 ST Gabriel Agbonlahor
73%
2012/2013 ST Gabriel Agbonlahor
73%
2013/2014 ST Gabriel Agbonlahor
73%
2014/2015 ST Gabriel Agbonlahor
73%
2018/2019 MF John McGinn
73%
2019/2020 MF John McGinn
73%
2020/2021 MF John McGinn
73%
2021/2022 MF John McGinn
73%
2022/2023 MF John McGinn
73%
1998/1999 MF Gareth Barry
67%
1999/2000 MF Gareth Barry
67%
2000/2001 MF Gareth Barry
67%
2002/2003 MF Gareth Barry
67%
2003/2004 MF Gareth Barry
67%
2004/2005 MF Gareth Barry
67%
2005/2006 MF Gareth Barry
67%
2006/2007 MF Gareth Barry
67%
2007/2008 MF Gareth Barry
67%
2008/2009 MF Gareth Barry
67%
2020/2021 DF Matty Cash
67%
2021/2022 DF Matty Cash
67%
2022/2023 DF Matty Cash
67%
2021/2022 ST Danny Ings
66%
2011/2012 ST Darren Bent
66%
2005/2006 MF James Milner
64%
2008/2009 MF James Milner
64%
2009/2010 MF James Milner
64%
2021/2022 DF Lucas Digne
63%
2022/2023 DF Lucas Digne
63%
2019/2020 DF Ezri Konsa
57%
2020/2021 DF Ezri Konsa
57%
2021/2022 DF Ezri Konsa
57%
1980/1981 ST Peter Withe
57%
1983/1984 ST Peter Withe
57%
1984/1985 ST Peter Withe
57%
1995/1996 DF Alan Wright
55%
1996/1997 DF Alan Wright
55%
1997/1998 DF Alan Wright
55%
1998/1999 DF Alan Wright
55%
1999/2000 DF Alan Wright
55%
2000/2001 DF Alan Wright
55%
2001/2002 DF Alan Wright
55%
1991/1992 MF Kevin Richardson
55%
1992/1993 MF Kevin Richardson
55%
1993/1994 MF Kevin Richardson
55%
2019/2020 MF Douglas Luiz
54%
2020/2021 MF Douglas Luiz
54%
2021/2022 MF Douglas Luiz
54%
2022/2023 MF Douglas Luiz
54%
1991/1992 MF Dwight Yorke
54%
1992/1993 MF Dwight Yorke
54%
1994/1995 ST Dwight Yorke
54%
1995/1996 ST Dwight Yorke
54%
1996/1997 ST Dwight Yorke
54%
1997/1998 ST Dwight Yorke
54%
1983/1984 DF Gary Williams
54%
1984/1985 DF Gary Williams
54%
1985/1986 DF Gary Williams
54%
1986/1987 DF Gary Williams
54%
2021/2022 MF Emiliano Buendía
52%
2022/2023 MF Emiliano Buendía
52%
1998/1999 ST Dion Dublin
51%
1999/2000 ST Dion Dublin
51%
2000/2001 ST Dion Dublin
51%
2002/2003 ST Dion Dublin
51%
1980/1981 ST Gary Shaw
51%
1994/1995 MF Ian Taylor
51%
1995/1996 MF Ian Taylor
51%
1996/1997 MF Ian Taylor
51%
1997/1998 MF Ian Taylor
51%
1998/1999 MF Ian Taylor
51%
2018/2019 DF Neil Taylor
51%
1991/1992 MF Garry Parker
49%
1992/1993 MF Garry Parker
49%
1980/1981 DF Allan Evans
48%
1983/1984 DF Allan Evans
48%
1984/1985 DF Allan Evans
48%
1985/1986 DF Allan Evans
48%
1988/1989 DF Allan Evans
48%
2012/2013 DF Ciaran Clark
48%
2013/2014 DF Ciaran Clark
48%
2014/2015 DF Ciaran Clark
48%
1988/1989 MF David Platt
48%
1989/1990 MF David Platt
48%
1990/1991 MF David Platt
48%
1980/1981 MF Dennis Mortimer
48%
1983/1984 MF Dennis Mortimer
48%
1995/1996 DF Gareth Southgate
48%
1996/1997 DF Gareth Southgate
48%
1997/1998 DF Gareth Southgate
48%
1998/1999 DF Gareth Southgate
48%
1999/2000 DF Gareth Southgate
48%
2000/2001 DF Gareth Southgate
48%
1980/1981 MF Gordon Cowans
48%
1984/1985 MF Gordon Cowans
48%
1988/1989 MF Gordon Cowans
48%
1989/1990 MF Gordon Cowans
48%
1990/1991 MF Gordon Cowans
48%
2005/2006 ST Kevin Phillips
48%
1989/1990 DF Paul McGrath
48%
1990/1991 DF Paul McGrath
48%
1991/1992 DF Paul McGrath
48%
1992/1993 DF Paul McGrath
48%
1993/1994 DF Paul McGrath
48%
1994/1995 DF Paul McGrath
48%
1995/1996 DF Paul McGrath
48%
2022/2023 MF Philippe Coutinho
48%
2006/2007 MF Stiliyan Petrov
48%
2007/2008 MF Stiliyan Petrov
48%
2008/2009 MF Stiliyan Petrov
48%
2009/2010 MF Stiliyan Petrov
48%
2010/2011 MF Stiliyan Petrov
48%
2011/2012 MF Stiliyan Petrov
48%
2008/2009 DF Curtis Davies
46%
1991/1992 ST Dalian Atkinson
46%
1992/1993 ST Dalian Atkinson
46%
1993/1994 ST Dalian Atkinson
46%
2017/2018 DF John Terry
46%
1992/1993 MF Andy Townsend
45%
1993/1994 MF Andy Townsend
45%
1994/1995 MF Andy Townsend
45%
1995/1996 MF Andy Townsend
45%
1996/1997 MF Andy Townsend
45%
2012/2013 ST Christian Benteke
45%
2013/2014 ST Christian Benteke
45%
2014/2015 ST Christian Benteke
45%
2004/2005 MF Steven Davis
45%
2005/2006 MF Steven Davis
45%
2006/2007 MF Steven Davis
45%
2021/2022 MF Jacob Ramsey
43%
2022/2023 MF Jacob Ramsey
43%
2019/2020 DF Matt Targett
43%
2020/2021 DF Matt Targett
43%
1980/1981 ST Tony Morley
43%
1992/1993 ST Dean Saunders
42%
1993/1994 ST Dean Saunders
42%
1994/1995 ST Dean Saunders
42%
2007/2008 ST John Carew
42%
2008/2009 ST John Carew
42%
2009/2010 ST John Carew
42%
1994/1995 DF Ugo Ehiogu
42%
1995/1996 DF Ugo Ehiogu
42%
1996/1997 DF Ugo Ehiogu
42%
1997/1998 DF Ugo Ehiogu
42%
1998/1999 DF Ugo Ehiogu
42%
1999/2000 DF Ugo Ehiogu
42%
2011/2012 DF Alan Hutton
40%
2014/2015 DF Alan Hutton
40%
2015/2016 DF Alan Hutton
40%
2016/2017 DF Alan Hutton
40%
2017/2018 DF Alan Hutton
40%
2018/2019 DF Alan Hutton
40%
1998/1999 MF Alan Thompson
40%
1980/1981 DF Colin Gibson
40%
1983/1984 DF Colin Gibson
40%
1984/1985 DF Colin Gibson
40%
1986/1987 ST Garry Thompson
40%
2015/2016 DF Joleon Lescott
40%
1998/1999 MF Lee Hendrie
40%
2000/2001 MF Lee Hendrie
40%
2001/2002 MF Lee Hendrie
40%
2002/2003 MF Lee Hendrie
40%
2003/2004 MF Lee Hendrie
40%
2004/2005 MF Lee Hendrie
40%
2009/2010 DF Richard Dunne
40%
2010/2011 DF Richard Dunne
40%
2011/2012 DF Richard Dunne
40%
1991/1992 DF Steve Staunton
40%
1992/1993 DF Steve Staunton
40%
1993/1994 DF Steve Staunton
40%
1994/1995 DF Steve Staunton
40%
1996/1997 DF Steve Staunton
40%
1997/1998 DF Steve Staunton
40%
2001/2002 DF Steve Staunton
40%
2002/2003 DF Steve Staunton
40%
1985/1986 MF Tony Daley
40%
1986/1987 MF Tony Daley
40%
1988/1989 MF Tony Daley
40%
1990/1991 MF Tony Daley
40%
1991/1992 MF Tony Daley
40%
1993/1994 MF Tony Daley
40%
2009/2010 DF James Collins
37%
2010/2011 DF James Collins
37%
2011/2012 DF James Collins
37%
2020/2021 MF Ross Barkley
37%
1997/1998 ST Stan Collymore
37%
2009/2010 MF Stewart Downing
37%
2010/2011 MF Stewart Downing
37%
1985/1986 ST Andy Gray
36%
2001/2002 ST Juan Pablo Angel
36%
2003/2004 ST Juan Pablo Angel
36%
2004/2005 ST Juan Pablo Angel
36%
2006/2007 ST Juan Pablo Angel
36%
1980/1981 DF Ken McNaught
36%
2012/2013 DF Ron Vlaar
36%
2013/2014 DF Ron Vlaar
36%
2014/2015 DF Ron Vlaar
36%
1988/1989 MF Stuart Gray
36%
1989/1990 MF Stuart Gray
36%
1990/1991 MF Stuart Gray
36%
2005/2006 DF Aaron Hughes
34%
2001/2002 ST Darius Vassell
34%
2002/2003 ST Darius Vassell
34%
2003/2004 ST Darius Vassell
34%
2022/2023 DF Diego Carlos
34%
1998/1999 ST Julian Joachim
34%
1999/2000 ST Julian Joachim
34%
2001/2002 DF Olof Mellberg
34%
2002/2003 DF Olof Mellberg
34%
2003/2004 DF Olof Mellberg
34%
2004/2005 DF Olof Mellberg
34%
2005/2006 DF Olof Mellberg
34%
2006/2007 DF Olof Mellberg
34%
2007/2008 DF Olof Mellberg
34%
1992/1993 DF Earl Barrett
33%
1993/1994 DF Earl Barrett
33%
1994/1995 DF Earl Barrett
33%
2015/2016 ST Jordan Ayew
33%
2019/2020 ST Wesley
33%
2017/2018 MF Conor Hourihane
31%
2018/2019 MF Conor Hourihane
31%
1986/1987 DF Martin Keown
31%
1988/1989 DF Martin Keown
31%
1998/1999 MF Paul Merson
31%
1999/2000 MF Paul Merson
31%
2000/2001 MF Paul Merson
31%
1995/1996 ST Savo Milošević
31%
1996/1997 ST Savo Milošević
31%
1997/1998 ST Savo Milošević
31%
1989/1990 DF Shaun Teale
31%
1991/1992 DF Shaun Teale
31%
1992/1993 DF Shaun Teale
31%
1993/1994 DF Shaun Teale
31%
1994/1995 DF Shaun Teale
31%
2018/2019 ST Tammy Abraham
31%
2008/2009 DF Carlos Cuellar
30%
2009/2010 DF Carlos Cuellar
30%
2006/2007 DF Gary Cahill
30%
2007/2008 MF Nigel Reo-Coker
30%
2010/2011 MF Nigel Reo-Coker
30%
2002/2003 MF Thomas Hitzlsperger
30%
2003/2004 MF Thomas Hitzlsperger
30%
2007/2008 DF Zat Knight
30%
2012/2013 ST Andreas Weimann
28%
2013/2014 ST Andreas Weimann
28%
2014/2015 ST Andreas Weimann
28%
2018/2019 ST Anwar El Ghazi
28%
2019/2020 ST Anwar El Ghazi
28%
2012/2013 MF Ashley Westwood
28%
2013/2014 MF Ashley Westwood
28%
2015/2016 MF Ashley Westwood
28%
2016/2017 MF Ashley Westwood
28%
1980/1981 MF Des Bremner
28%
2012/2013 MF Fabian Delph
28%
2013/2014 MF Fabian Delph
28%
2014/2015 MF Fabian Delph
28%
2005/2006 DF Liam Ridgewell
28%
2006/2007 DF Liam Ridgewell
28%
1983/1984 MF Mark Walters
28%
1984/1985 MF Mark Walters
28%
1985/1986 MF Mark Walters
28%
1986/1987 MF Mark Walters
28%
2007/2008 DF Martin Laursen
28%
2008/2009 DF Martin Laursen
28%
2012/2013 DF Matthew Lowton
28%
1993/1994 MF Ray Houghton
28%
1994/1995 MF Ray Houghton
28%
2000/2001 MF Steve Stone
28%
2001/2002 MF Steve Stone
28%
2020/2021 ST Bertrand Traoré
27%
2009/2010 DF Stephen Warnock
27%
2010/2011 DF Stephen Warnock
27%
2011/2012 DF Stephen Warnock
27%
2011/2012 MF Charles N'Zogbia
25%
1995/1996 DF Gary Charles
25%
2017/2018 MF Glenn Whelan
25%
2018/2019 MF Glenn Whelan
25%
2016/2017 DF James Chester
25%
2017/2018 DF James Chester
25%
1980/1981 DF Kenny Swain
25%
2010/2011 MF Marc Albrighton
25%
2011/2012 MF Marc Albrighton
25%
2005/2006 ST Milan Baroš
25%
1989/1990 ST Tony Cascarino
25%
1990/1991 ST Tony Cascarino
25%
2019/2020 MF Trézéguet
25%
2017/2018 DF Ahmed Elmohamady
24%
2018/2019 DF Ahmed Elmohamady
24%
1986/1987 ST Alan McInally
24%
1988/1989 ST Alan McInally
24%
2002/2003 DF J'Lloyd Samuel
24%
2003/2004 DF J'Lloyd Samuel
24%
2004/2005 DF J'Lloyd Samuel
24%
2012/2013 DF Nathan Baker
24%
2013/2014 DF Nathan Baker
24%
2016/2017 DF Nathan Baker
24%
1996/1997 DF Nélson
24%
1997/1998 DF Nélson
24%
2015/2016 ST Scott Sinclair
24%
1989/1990 ST Ian Olney
22%
2016/2017 ST Jonathan Kodjia
22%
2015/2016 MF Jordan Veretout
22%
2013/2014 DF Leandro Bacuna
22%
2015/2016 MF Leandro Bacuna
22%
2016/2017 MF Leandro Bacuna
22%
1995/1996 MF Mark Draper
22%
1996/1997 MF Mark Draper
22%
1997/1998 MF Mark Draper
22%
1985/1986 DF Paul Elliott
22%
1986/1987 DF Paul Elliott
22%
1983/1984 ST Paul Rideout
22%
1984/1985 ST Paul Rideout
22%
2011/2012 MF Stephen Ireland
22%
2004/2005 DF Ulises De la Cruz
22%
2016/2017 ST Albert Adomah
21%
2017/2018 ST Albert Adomah
21%
1988/1989 DF Derek Mountfield
21%
1989/1990 DF Derek Mountfield
21%
1990/1991 DF Derek Mountfield
21%
2015/2016 MF Idrissa Gana Gueye
21%
2016/2017 MF Mile Jedinak
21%
2017/2018 MF Mile Jedinak
21%
2000/2001 MF David Ginola
19%
2016/2017 DF Jordan Amavi
19%
1989/1990 DF Kent Nielsen
19%
1990/1991 DF Kent Nielsen
19%
1999/2000 DF Mark Delaney
19%
2001/2002 DF Mark Delaney
19%
2003/2004 DF Mark Delaney
19%
2004/2005 DF Mark Delaney
19%
2002/2003 DF Ronny Johnsen
19%
2003/2004 DF Ronny Johnsen
19%
1983/1984 MF Steve McMahon
19%
1984/1985 MF Steve McMahon
19%
1991/1992 ST Cyrille Regis
18%
2003/2004 MF Gavin McCann
18%
2004/2005 MF Gavin McCann
18%
2005/2006 MF Gavin McCann
18%
2006/2007 MF Gavin McCann
18%
1984/1985 MF Paul Birch
18%
1985/1986 MF Paul Birch
18%
1985/1986 DF Tony Dorigo
18%
1986/1987 DF Tony Dorigo
18%
2000/2001 DF Alpay Özalan
16%
2005/2006 DF Wilfred Bouma
16%
2006/2007 DF Wilfred Bouma
16%
2007/2008 DF Wilfred Bouma
16%
1999/2000 ST Benito Carbone
15%
1988/1989 DF Chris Price
15%
1989/1990 DF Chris Price
15%
1990/1991 DF Chris Price
15%
2017/2018 MF Robert Snodgrass
15%
1985/1986 MF Steve Hodge
15%
1986/1987 MF Steve Hodge
15%
2014/2015 MF Tom Cleverley
15%
2014/2015 MF Carlos Sánchez
13%
2019/2020 MF Marvelous Nakamba
13%
2004/2005 MF Nolberto Solano
13%
2018/2019 DF Axel Tuanzebe
12%
1991/1992 DF Dariusz Kubicki
12%
1986/1987 DF Kevin Gage
12%
1988/1989 DF Kevin Gage
12%
1990/1991 MF Kevin Gage
12%
1983/1984 DF Brendan Ormsby
10%
1984/1985 DF Brendan Ormsby
10%
1999/2000 MF George Boateng
10%
2000/2001 MF George Boateng
10%
2001/2002 MF George Boateng
10%
2001/2002 MF Mustapha Hadji
9%
1985/1986 ST Simon Stainrod
9%
2014/2015 DF Aly Cissokho
7%
2015/2016 DF Aly Cissokho
7%
1983/1984 MF Alan Curbishley
6%
2012/2013 MF Karim El Ahmadi
6%
2013/2014 MF Karim El Ahmadi
6%
2002/2003 MF Öyvind Leonhardsen
4%
No matching quizzes found
Score Distribution
Percent of People with Each Score
Percentile by Number Answered
Your Score History
You have not taken this quiz